000 00824nam a22002057a 4500
005 20250421111416.0
010 _aB-766438-472 BACEN25
020 _a9789358704334
_c300.00
035 _aB-766438-472
037 _bUDH
082 _a510
_22
100 _aAditya Ranjan Sir
_980698
245 _aSSC Maths CGL Warrior/
_cBy Aditya Ranjan Sir
250 _a2
260 _aNew Delhi
_bS Chand and Company Limited
_c2024
270 _a A-27, 2nd Floor, Mohan Co-operative Industrial Estate
_bNew Delhi
_e110044
_minfo@schandpublishing.com
_k011-49731800
300 _a317p.
_c26cm(pb)
942 _2ddc
_cEN
_h510
_mRAN
999 _c208724
_d208724